DIRTY TEACHING: A BEGINNER'S GUIDE TO LEARNING OUTDOORS. (Record no. 216555)

MARC details
000 -LEADER
fixed length control field 00547nam a22001697a 4500
008 - FIXED-LENGTH DATA ELEMENTS--GENERAL INFORMATION
fixed length control field 260205b |||||||| |||| 00| 0 eng d
020 ## - INTERNATIONAL STANDARD BOOK NUMBER
International Standard Book Number 978-178135107-9
050 ## - LIBRARY OF CONGRESS CALL NUMBER
Classification number LB 1027.3 .R63 2014
100 ## - MAIN ENTRY--PERSONAL NAME
Personal name ROBERTSON, JULIET
245 ## - TITLE STATEMENT
Title DIRTY TEACHING: A BEGINNER'S GUIDE TO LEARNING OUTDOORS.
260 ## - PUBLICATION, DISTRIBUTION, ETC.
Place of publication, distribution, etc. CARMARTHEN, WALE,
Name of publisher, distributor, etc. INDEPENDENT THINKING PRESS,
Date of publication, distribution, etc. 2014.
300 ## - PHYSICAL DESCRIPTION
Extent iv, 215 p, ILL
500 ## - GENERAL NOTE
General note INCLUDE BIBLIOGRAPHY AND INDEX
650 ## - SUBJECT ADDED ENTRY
Topical term or geographic name entry element 1. OUTDOOR LEARNING 2. EXPERIENTAL LEARNING
942 ## - ADDED ENTRY ELEMENTS (KOHA)
Source of classification or shelving scheme Library of Congress Classification
Koha item type Long Loan Book
Holdings
Withdrawn status Lost status Source of classification or shelving scheme Damaged status Not for loan Collection Home library Current library Shelving location Date acquired Inventory number Total checkouts Full call number Barcode Date last seen Copy number Price effective from Koha item type
    Library of Congress Classification     Arts & Social Sciences Kisii University Library Kisii University Library On Display 02/05/2026 111108   LB 1027.3 .R63 2014 50307 02/05/2026 1 02/05/2026 Long Loan Book
    Library of Congress Classification     Arts & Social Sciences Kisii University Library Kisii University Library On Display 02/05/2026 111109   LB 1027.3 .R63 2014 50420 02/05/2026 2 02/05/2026 Long Loan Book
    Library of Congress Classification     Arts & Social Sciences Kisii University Library Kisii University Library On Display 02/05/2026 111110   LB 1027.3 .R63 2014 50306 02/05/2026 3 02/05/2026 Long Loan Book
    Library of Congress Classification     Arts & Social Sciences Kisii University Library Kisii University Library On Display 02/05/2026 111111   LB 1027.3 .R63 2014 50308 02/05/2026 4 02/05/2026 Long Loan Book
    Library of Congress Classification     Arts & Social Sciences Kisii University Library Kisii University Library On Display 02/05/2026 111112   LB 1027.3 .R63 2014 50447 02/05/2026 5 02/05/2026 Long Loan Book